000 00671nam a22001817a 4500
008 260324b |||||||| |||| 00| 0 eng d
020 _a9780826102171
100 _aDziegielewski, Sophia F.
245 _aSocial Work Practice and Psychopharmacology:
_b A Person-in-Environment Approach/
_cSophia F. Dziegielewski
250 _a2nd Edition
260 _aNew York:
_bSpringer Publishing Company,
_c2009.
300 _axix, 531p.:
_bill.;
_c23cm.
504 _aIncludes bibliographical references (516-531p) and index
650 _2Medical social work
650 _2Pharmacology
760 _b2nd Edition
942 _2lcc
_hHV 688 .A2D95 2009
_cBOOKS
999 _c32389
_d32389